00341nam a2200133 a 45000010010000000030011000100080041000210350026000620820012000881000024001002450020001242600049001446500014001930000-8822ELIB.Books110520 1976  a(ELIB.Books)0000-8968 aB bBjo aBjorn, Thyra Ferre! aThis is my life bNew Jersey: Fleming H. Revell Company c1976 aBiography